000 00821nam a2200277Ia 4500
001 Para_9550
003 CHAP
008 220125s2002 xx 000 0 und d
010 _a208224
040 _cCHAP
082 _a631.41 R6
100 _aRodríguez Fuentes, Humberto
_998492
245 _aMétodos de análisis de suelos y plantas :
_b criterios de interpretación /
_c por Humberto Rodríguez Fuentes y José Rodríguez Absi
260 _aMéxico, D.F. :
_b Trillas
300 _a196 p.
650 _aQuímica vegetal
_993602
650 _aSuelos
_x análisis
_9110204
700 _aRodríguez Absi, José
_998259
901 _a631.41 R6
902 _aM
905 _a0000002002 a 0000000000 00
910 _a2002
942 _cPARA
942 _cPARA
_d1
999 _c208224
_d208224